| 000 | 00851nam a22002295a 4500 | ||
|---|---|---|---|
| 003 | OSt | ||
| 005 | 20170504111719.0 | ||
| 008 | 170322s1994 ua frb 000 0 ara d | ||
| 015 | _a1993 / 3158 | ||
| 020 | _a9770409561 | ||
| 040 |
_aEG-ScBUE _bara _cEG-ScBUE |
||
| 082 | 0 | 4 |
_a346.066 _bر ض ا _222 |
| 100 | 1 | _aرضا، يحيى عبد الرحمن. | |
| 245 | 1 | 0 |
_aالجوانب القانونية لمجموعة الشركات عبر الوطنية / _cيحيى عبد الرحمن رضا. |
| 246 | 3 | 3 | _aTransnational corporation |
| 260 |
_aالقاهرة : _bدار النهضة العربية، _c1994. |
||
| 300 |
_a1244 ص. ؛ _c24 سم. |
||
| 504 | _aيشتمل على إرجاعات ببليوجرافية. | ||
| 650 | 7 |
_2BUEsh _aالشركات الدولية _xقوانين وتشريعات. |
|
| 653 |
_bLLAAWW _cMay2017 |
||
| 942 | _2ddc | ||
| 999 |
_c24775 _d24747 |
||